000 00645nam a22002297a 4500
008 130623b xxu||||| |||| 00| 0 eng d
020 _a
024 _cavailable
037 _cavailable
040 _aMBSTU Library
_dMBSTU Library
082 _222
_a428 STW
100 _aStewart, Mark Alan
245 _aWord Smart
260 _aNew York
_bMac Millan company
_c2002
300 _a18 cm
_b 296 page
_f 10
_g18 cm
600 _aEnglish Usage
700 _a Stewart, Mark Alan
270 _aNew York
_bNew York
_dUSA
365 _b83.00
_d83.00
942 _2ddc
_cBK
999 _c523
_d523